| 000 | 00473nam a2200157Ia 4500 | ||
|---|---|---|---|
| 008 | 160316s1996 xxu||||| |||| 00| 0 eng d | ||
| 082 |
_a362.704400 _bBAR |
||
| 100 | _aBarse Sheela | ||
| 245 | _aReport international conference on child sex abuse victim protective investigation and trial procedure | ||
| 250 | _a | ||
| 260 |
_aNew Delhi _bNeergaurav _c1996 |
||
| 300 |
_a165 _b _c |
||
| 365 | _b | ||
| 650 | _a1. child sex abuse 2. criminal justice system | ||
| 700 |
_a _a |
||
| 999 |
_c34982 _d34982 |
||